Mathematical games & puzzles / (Record no. 19582)

MARC details
000 -LEADER
fixed length control field 00822nam a22002177a 4500
008 - FIXED-LENGTH DATA ELEMENTS--GENERAL INFORMATION
fixed length control field 081208t xxu||||| |||| 00| 0 eng d
010 ## - LCCN (DPL NO)
LC control number ENG-92065
020 ## - INTERNATIONAL STANDARD BOOK NUMBER
Terms of availability 175.00
035 ## - SYSTEM CONTROL NUMBER
System control number EN-75598
037 ## - SOURCE OF ACQUISITION
Source of stock number/acquisition DBAD / PUB
040 ## - CATALOGING SOURCE
Original cataloging agency dpl
Language of cataloging English
082 ## - DEWEY DECIMAL CLASSIFICATION NUMBER
Classification number 793.74
100 ## - MAIN ENTRY--PERSONAL NAME
Personal name Thakur, Rajesh Kumar
245 ## - TITLE STATEMENT
Title Mathematical games & puzzles /
Statement of responsibility, etc by Rajesh Kumar Thakur
260 ## - PUBLICATION, DISTRIBUTION, ETC. (IMPRINT)
Place of publication, distribution, etc Lucknow
Name of publisher, distributor, etc Divyansh Publications
Date of publication, distribution, etc 2008
270 ## - ADDRESS
Address MIG, 222, Phase - I, LDA Tickait Rai Colony,
City Lucknow
Postal code 226017
300 ## - PHYSICAL DESCRIPTION
Extent 207p.:
Dimensions 20cm (Hb)
Other physical details ill.
650 ## - SUBJECT ADDED ENTRY--TOPICAL TERM
Topical term or geographic name as entry element Mathematical recreations.
942 ## - ADDED ENTRY ELEMENTS (KOHA)
Source of classification or shelving scheme Dewey Decimal Classification
Item type English Books
Call number suffix THA
Classification part 793.74
Holdings
Withdrawn status Lost status Source of classification or shelving scheme Damaged status Not for loan Collection code Home library Current library Date acquired Source of acquisition Cost, normal purchase price Total Checkouts Full call number Barcode Date last seen Copy number Cost, replacement price Koha item type
    Dewey Decimal Classification   Not For Loan Non-fiction D.B.Act.Division D.B.Act.Division 08/12/2008 DBAD / PUB 175.00   793.74 THA EN-75598 08/12/2008 1 175.00 English Books

© Delhi Public Library
Hit Counter
free hit counter